The Zoological Records, 1936 - Vol.73 (Record no. 586946)

MARC details
000 -LEADER
fixed length control field 00416nam a2200145Ia 4500
008 - FIXED-LENGTH DATA ELEMENTS--GENERAL INFORMATION
fixed length control field 100415s9999 xx 000 0 und d
082 ## - DEWEY DECIMAL CLASSIFICATION NUMBER
Item number 3959
Classification number 590
100 ## - MAIN ENTRY--PERSONAL NAME
Personal name T.Z.R
245 ## - TITLE STATEMENT
Title The Zoological Records, 1936 - Vol.73
260 ## - PUBLICATION, DISTRIBUTION, ETC. (IMPRINT)
Place of publication, distribution, etc LONDON.
Date of publication, distribution, etc 1937
Name of publisher, distributor, etc Zoological Society
365 ## - TRADE PRICE
Price amount 0
630 ## - SUBJECT ADDED ENTRY--UNIFORM TITLE
Uniform title The Zoological Records, 1936 - Vol.73
730 ## - ADDED ENTRY--UNIFORM TITLE
Uniform title The Zoological Records, 1936 - Vol.73
942 ## - ADDED ENTRY ELEMENTS (KOHA)
Koha item type Book
Holdings
Withdrawn status Lost status Damaged status Not for loan Home library Current library Date acquired Cost, normal purchase price Total Checkouts Full call number Barcode Date last seen Price effective from Koha item type
        Bombay Natural History Society Bombay Natural History Society 10/24/1959 0.00   590 3959 BNHS-3959 04/15/2010 04/15/2010 Book